LEADER 00782nam0-22002771i-450- 001 990005419900403321 005 20050512160509.0 035 $a000541990 035 $aFED01000541990 035 $a(Aleph)000541990FED01 035 $a000541990 100 $a19990604d1952----km-y0itay50------ba 101 0 $ager 105 $af-------00--- 200 1 $aIsabella d'Este$eFnrstin der Renaissance 1474-1539$fJan Lauts 210 $aHamburg$cMarion von Schröder$d1952 215 $a455 p. , 3 tav.$d23 cm 676 $a945.06092$v21$zita 700 1$aLauts,$bJan$0210087 801 0$aIT$bUNINA$gRICA$2UNIMARC 901 $aBK 912 $a990005419900403321 952 $a945.06 LAU 1$bST.MED.MOD. 438$fFLFBC 959 $aFLFBC 996 $aIsabella d'Este$9590815 997 $aUNINA LEADER 01121nam0-2200397---450- 001 990008355400403321 005 20060703104147.0 010 $a0849369908$bvol.1 010 $a0849369916$bvol.2 010 $a0849369924$bvol.3 010 $a0849369932$bvol.4 035 $a000835540 035 $aFED01000835540 035 $a(Aleph)000835540FED01 035 $a000835540 100 $a20060703d1989----km-y0itay50------ba 101 0 $aeng 102 $aUS 105 $aa-------001yy 200 1 $aToxicants of plant origin$fEditor Peter R. Cheeke 210 $aBoca Raton$cCRC Press$dc1989 215 $a4 v.$d25 cm 327 1 $a1.: Alkaloids$a2.: Glycosides$a3.: Proteins and amino acids$a4.: Phenolics 610 0 $aPiante tossiche 610 0 $aTossicologia veterinaria 676 $a636.089 59 676 $a581.192 6 676 $a581.6 700 1$aCheeke,$bPeter R.$0294359 801 0$aIT$bUNINA$gRICA$2UNIMARC 901 $aBK 912 $a990008355400403321 952 $a80 II A 67 CFT (1)$bCFT$fFFABC 959 $aFFABC 996 $aToxicants of plant origin$9723156 997 $aUNINA